| 000 | 00760nam a2200217 i 4500 | ||
|---|---|---|---|
| 001 | 12510 | ||
| 003 | ES-MaACL | ||
| 005 | 20250830072656.0 | ||
| 008 | 960611s1995 sp d |||| | spa j | ||
| 020 | _a84-7914-187-5 | ||
| 080 | _a014.5 Iglesia Católica. Catechismus | ||
| 100 | 1 |
_aMartínez Fernández, Luis. _978081 |
|
| 245 | 1 | 0 |
_aDiccionario del catecismo de la Iglesia Católica / _cpor Luis Martínez Fernández. |
| 260 |
_aMadrid : _bBiblioteca de Autores Cristianos, _c[1995] |
||
| 300 |
_a367 p. ; _c20 cm. |
||
| 490 | 1 |
_aBiblioteca de autores cristianos ; _v552 |
|
| 610 | 2 | 4 |
_aIglesia Católica. _tCatechismus- _vÍndices _94659 |
| 830 | 0 | 0 |
_aBiblioteca de autores cristianos _v552 _9178679 |
| 852 |
_aES-MaACL _jJ-539 |
||
| 999 |
_c12510 _d12510 |
||